| 000 | 01157nam a2200337Ic 4500 | ||
|---|---|---|---|
| 001 | 59915 | ||
| 003 | CO-BoRNBP | ||
| 005 | 20251112141057.0 | ||
| 007 | ta | ||
| 008 | 180815s2013 sp a g 000 0 spa | ||
| 020 | _a8488893558 | ||
| 040 |
_aCO-BoRNBP _bspa _erda _cCO-BoRNBP |
||
| 041 | _aspa | ||
| 082 | 0 | 4 |
_a738.5 _bM11c |
| 100 |
_aMacchiavelli, Mariarita _eaut _967161 |
||
| 245 | 1 | 0 |
_aCurso rápido de mosaico / _cMariarita Macchiavelli ; versión española, realizada por Mª Teresa Martínez. |
| 250 | _aSegunda edición | ||
| 264 | 1 |
_aMadird, España : _bDrac, _c2013 |
|
| 300 |
_a80 páginas : _bilustraciones, fotografías en color |
||
| 336 |
_atexto _btxt _2rdacontent |
||
| 337 |
_asin mediación _bn _2rdamedia |
||
| 338 |
_avolumen _bnc _2rdacarrier |
||
| 500 | _aIncluye datos biográficos de la autora en la contracubierta | ||
| 521 | _aRecomendado para público adulto | ||
| 534 | _tCorso rapido di mosaico | ||
| 650 | 0 | 7 |
_aArtesanías en vidrio _2lemb |
| 650 | 0 | 7 |
_aMosaicos _xEstrategia y técnica _2lemb _967162 |
| 650 | 0 | 7 |
_aMosaicos _xManualidades _2lemb _967163 |
| 700 |
_aMartínez, María Teresa _967164 |
||
| 942 |
_2ddc _cBK |
||
| 999 |
_c59915 _d59915 |
||